| 000 | 00482nam a2200181Ia 4500 | ||
|---|---|---|---|
| 999 |
_c4601 _d4601 |
||
| 020 | _a1-4051-3066-4 | ||
| 082 | _a320.01 CON- | ||
| 245 | 0 | _aContemporary political philosophy: an anthology | |
| 250 | _a2nd | ||
| 260 |
_aMalden _bBlackwell Publishing _c2006 |
||
| 300 | _axiv, 754 | ||
| 440 | _aBlackwell philosophy anthologies | ||
| 504 | _aincludes index | ||
| 650 |
_aPolitical science _vPhilosophy |
||
| 700 | _aPettit, Philip | ||
| 700 | _aGoodin, Robert E. | ||
| 942 | _cBK | ||